000 00836cab a2200265 4500
001 ABS48723
008 090401t1993 xxu||||| |||| 00| 0 eng d
035 _a(Sirsi) u68281
041 _aeng
100 _aHill, B.
245 _aDrainage rates: a radical reform
260 _c1993
350 _a0
490 _aEstates Gazette
_v(9317) 1 May 1993, 99-100(2)
520 _aSummarises the provisions of the Land Drainage Act 1991 and subsequent regulations aimed at reforming the drainage rating system levied on farmland and buildings by internal drainage boards.
650 _aANNUAL VALUE
650 _aDRAINAGE RATES
650 _aFARM BUILDINGS
650 _aINTERNAL DRAINAGE BOARDS
650 _aLAND DRAINAGE ACT 1991
690 _aLAND
690 _aRATING AND VALUATION
942 _n0
948 _c04/03/1997
999 _c42833
_d42833